00493nam a2200133 a 4500008004100000050002000041110006700061245008200128260003800210350000900248500003300257650001000290650005900300100209s1980 ||||||||||||||||| || u aGOV.ZAM.W6(058) aGovernment of the Republic of Zambia. Ministry of Public Works10aMinistry of public works roads department annual report for the year ended... aLusaka:bGovernment Printerc1980 a0.00 aHoldings December 1977; 1979 aROADS aPUBLIC SERVICE--ROAD MAINTENANCE--HOME AFFAIRS, ZAMBIA